000 00470nam a2200169 i 4500
001 97998
003 ES-MaACL
005 20240417063039.0
007 t|
008 050721s1914 sp ||||1| spa d
100 1 _aMarquina, Eduardo,
_d1879-1946
_977043
245 1 0 _aEn Flandes se ha puesto el sol /
_cEduardo Marquina.
260 _aMadrid :
_bRenacimiento,
_c1914.
300 _a204 p. ;
_c19 cm.
852 _aES-MaACL
_jF-6893
999 _c97998
_d97998